| 000 | 01237cab a2200241 4500 | ||
|---|---|---|---|
| 001 | ABS45928 | ||
| 008 | 090401t1992 xxu||||| |||| 00| 0 eng d | ||
| 035 | _a(Sirsi) u55944 | ||
| 041 | _aeng | ||
| 245 | _aPeaceable re-entry and relief against forfeiture : Billson in the court of appeal | ||
| 260 | _c1992 | ||
| 350 | _a0 | ||
| 490 |
_aConveyancer & Property Lawyer _vJanuary/February 1992, 32-40(9) |
||
| 520 | _aExamines the question of whether there is a general equity jurisdiction to relieve against forfeiture for wilful breaches of covenants other than to pay rent, and whether the use of such a jurisdiction would be an appropriate method of saving the interest of a lessee which has been terminated by peaceable re-entry, as in "Billson v Residential Apartments Ltd" (Abs 44697) (Based on journal abstract) | ||
| 650 | _aBILLSON AND OTHERS V RESIDENTIAL APARTMENTS LTD | ||
| 650 | _aBREACHES OF COVENANT | ||
| 650 | _aPEACEABLE RE-ENTRY | ||
| 650 | _aRELIEF AGAINST FORFEITURE | ||
| 650 | _aPROPERTY-RESIDENTIAL PROPERTY-RESIDENTIAL LANDLORD AND TENANT-RESIDENTIAL TENANCIES | ||
| 690 | _aPROPERTY-RESIDENTIAL PROPERTY-RESIDENTIAL LANDLORD AND TENANT-RESIDENTIAL TENANCIES | ||
| 942 | _n0 | ||
| 948 | _c04/03/1997 | ||
| 999 |
_c34183 _d34183 |
||